| 000 | 01114nam a2200289Ia 4500 | ||
|---|---|---|---|
| 001 | ebr10687873 | ||
| 003 | CaPaEBR | ||
| 006 | m u | ||
| 007 | cr cn||||||||| | ||
| 008 | 130411s2013 nyu s 000 0 eng d | ||
| 020 | _z9781118444757 | ||
| 020 | _z9781118538623 | ||
| 040 |
_aCaPaEBR _cCaPaEBR |
||
| 035 | _a(OCoLC)846999726 | ||
| 050 | 1 | 4 |
_aRC862.I77 _bI77 2013eb |
| 245 | 0 | 0 |
_aIrritable Bowel Syndrome _h[electronic resource] : _bdiagnosis and clinical management / _cedited by Anton Emmanuel and Eamonn M.M. Quigley. |
| 260 |
_aNew York : _bWiley, _c2013. |
||
| 300 | _a336 p. | ||
| 533 |
_aElectronic reproduction. _bPalo Alto, Calif. : _cebrary, _d2013. _nAvailable via World Wide Web. _nAccess may be limited to ebrary affiliated libraries. |
||
| 650 | 0 | _aColonic diseases. | |
| 650 | 0 |
_aIrritable colon _vDiagnosis. |
|
| 655 | 7 |
_aElectronic books. _2local |
|
| 700 | 1 | _aEmmanuel, Anton. | |
| 700 | 1 | _aQuigley, Eamonn M. M. | |
| 710 | 2 | _aebrary, Inc. | |
| 856 | 4 | 0 |
_uhttp://site.ebrary.com/lib/rucke/Doc?id=10687873 _zAn electronic book accessible through the World Wide Web; click to view |
| 999 |
_c28605 _d28605 |
||